[Event "Cacoal op"]
[Site "Cacoal"]
[Date "2022.12.18"]
[Round "6"]
[White "Larga, Carlos Eduardo dos"]
[Black "Cardoso, Sabino Jose Jr"]
[Result "0-1"]
[WhiteElo "1432"]
[BlackElo "1716"]
[PlyCount "42"]
[EventDate "2022.12.16"]
[EventType "swiss"]
[EventRounds "6"]
[EventCountry "BRA"]
[SourceTitle "CBM 211 Extra"]
[Source "ChessBase"]
[SourceDate "2023.01.31"]
[SourceVersion "1"]
[SourceVersionDate "2023.01.31"]
[SourceQuality "1"]

1. d4 Nf6 2. Bf4 d6 3. Nf3 g6 4. c4 Bg7 5. e3 0-0 6. Bd3 c5 7. d5 Nxd5 8. cxd5 Bxb2 9. Nbd2 Bxa1 10. Qxa1 f6 11. Bh6 Rf7 12. Qb1 Kh8 13. Nh4 f5 14. Ndf3 Qa5+ 15. Ke2 b5 16. Ng5 Rf6 17. Qb2 c4 18. Bxc4 bxc4 19. Nf7+ Kg8 20. Nxd6 c3 21. Rc1 Ba6+ 0-1